Evaluación de cultivares de zapallo anquito (Cucurbita moscahta Duch.) para producción orgánica en la región de Bahía Blanca /

Guardado en:
Autor Principal: Oehrens Kissner, Paula.
Autor Corporativo: Universidad Nacional del Sur. Departamento de Agronomía.
Otros Autores: Ayastuy, Miren Edurne, (tutor.)
Formato: Libro
Idioma:Spanish
Publicado: Bahía Blanca, 2011.
Etiquetas: Agregar Etiqueta
Sin Etiquetas, Sea el primero en etiquetar este registro!
LEADER 00774nam a22001695a 4500
001 EEA.libagro008521
005 20171003083308.0
008 130809s2011####ag#a##########000#0#spa#d
082 0 4 |a 635.6284 
100 1 |a Oehrens Kissner, Paula. 
245 1 0 |a Evaluación de cultivares de zapallo anquito (Cucurbita moscahta Duch.) para producción orgánica en la región de Bahía Blanca /  |c Paula Oehrens Kissner. 
260 |a Bahía Blanca,  |c 2011. 
300 |a 56 h. :  |b il. ;  |c 30 cm. 
500 |a Trabajo de intensificación (Ingeniero Agrónomo) -- Universidad Nacional del Sur. Departamento de Agronomía, 2011. 
700 1 |a Ayastuy, Miren Edurne,  |e tutor. 
710 2 |a Universidad Nacional del Sur.  |b Departamento de Agronomía. 
859 |a AR-BbBCA  |b BIB. AGRONOMIA  |h 635.6284  |i O28  |p 2011/5934